[Event "CP-2017-P-00048"]
[Site "LSS email"]
[Date "2017.09.27"]
[Round "?"]
[White "Pelekis, George"]
[Black "Urbaniak, Marcin"]
[Result "1/2-1/2"]
[WhiteElo "2068"]
[BlackElo "1898"]
[PlyCount "81"]
[EventDate "2017.10.01"]
[EventType "tourn (corr)"]
[EventRounds "6"]
[EventCountry "GER"]
[SourceTitle "Corr 2022"]
[Source "ChessBase"]
[SourceDate "2021.10.24"]
[SourceVersion "1"]
[SourceVersionDate "2021.10.24"]
[SourceQuality "1"]

1. e4 e5 2. Nf3 Nc6 3. d4 exd4 4. Nxd4 Nf6 5. Nc3 Bb4 6. Nxc6 bxc6 7. Bd3 d5 8. exd5 cxd5 9. 0-0 0-0 10. Bg5 c6 11. Qf3 Re8 12. Bxf6 Qxf6 13. Qxf6 gxf6 14. Ne2 Bd6 15. b3 a5 16. Nd4 Bd7 17. Bf5 Bxf5 18. Nxf5 Bb4 19. Rad1 Re5 20. Nd4 c5 21. f4 Re4 22. Nb5 Rb8 23. Nd6 Re2 24. Rf2 Re6 25. Nf5 d4 26. a4 Rbe8 27. g4 Be1 28. Rg2 Kf8 29. h4 Bc3 30. Kh2 c4 31. bxc4 Rc8 32. c5 Rxc5 33. Nxd4 Rd6 34. Nb3 Rxd1 35. Nxc5 Rd4 36. Re2 Rxf4 37. Re4 Rf2+ 38. Kh3 f5 39. gxf5 Rxf5 40. Nd3 Rf1 41. Rc4 1/2-1/2

[Event "BI-2016-F-0000"]
[Site "LSS email"]
[Date "2016.02.14"]
[Round "?"]
[White "Husemann, Andreas"]
[Black "Pelekis, George"]
[Result "1-0"]
[WhiteElo "2228"]
[BlackElo "2008"]
[PlyCount "105"]
[EventDate "2016.02.20"]
[EventType "tourn (corr)"]
[EventRounds "10"]
[EventCountry "GER"]
[SourceTitle "Corr 2022"]
[Source "ChessBase"]
[SourceDate "2021.10.24"]
[SourceVersion "1"]
[SourceVersionDate "2021.10.24"]
[SourceQuality "1"]

1. d4 Nf6 2. c4 c5 3. d5 b5 4. cxb5 a6 5. bxa6 g6 6. Nc3 Bxa6 7. g3 Bg7 8. Bg2 d6 9. Nf3 Nbd7 10. Rb1 Nb6 11. b3 Bb7 12. Nh4 0-0 13. 0-0 Ng4 14. Bb2 Bxc3 15. Bxc3 Rxa2 16. b4 c4 17. e4 Ne5 18. Ra1 Rxa1 19. Qxa1 Qc7 20. Bd4 Ra8 21. Qc1 Ra2 22. Qe3 Ng4 23. Qg5 Ne5 24. Rc1 Re2 25. Qh6 Nbd7 26. f4 Rd2 27. fxe5 Rxd4 28. e6 Ne5 29. Rf1 f6 30. Bh3 Rxd5 31. exd5 Qb6+ 32. Kh1 c3 33. Bg2 Qxb4 34. Nf3 Nxf3 35. Bxf3 Qc4 36. Rc1 Qd3 37. Qf4 Bxd5 38. Bxd5 Qxd5+ 39. Kg1 c2 40. h4 Kg7 41. Qe3 Qd1+ 42. Qe1 Qd3 43. Kh2 Qc4 44. Qf2 Qxe6 45. Rxc2 Qg4 46. Qe3 Kf7 47. Rc7 Qe6 48. Qxe6+ Kxe6 49. g4 Kf7 50. Kg3 Ke6 51. Kf4 d5 52. Ra7 h6 53. h5 1-0

[Event "BI-2016-F-0000"]
[Site "LSS email"]
[Date "2016.02.14"]
[Round "?"]
[White "Pelekis, George"]
[Black "Chmela, Zdenek"]
[Result "1-0"]
[WhiteElo "2008"]
[BlackElo "2126"]
[PlyCount "63"]
[EventDate "2016.02.20"]
[EventType "tourn (corr)"]
[EventRounds "10"]
[EventCountry "GER"]
[SourceTitle "Corr 2022"]
[Source "ChessBase"]
[SourceDate "2021.10.24"]
[SourceVersion "1"]
[SourceVersionDate "2021.10.24"]
[SourceQuality "1"]

1. e4 e5 2. Nf3 Nc6 3. d4 exd4 4. Nxd4 Nf6 5. Nc3 Bb4 6. Nxc6 bxc6 7. Bd3 d5 8. exd5 cxd5 9. Qe2+ Be7 10. Bf4 0-0 11. 0-0 Bd6 12. Qd2 c5 13. Rfe1 Bxf4 14. Qxf4 Be6 15. b3 Re8 16. Nb5 Re7 17. c4 a6 18. Nc3 d4 19. Ne4 Nxe4 20. Rxe4 Qc7 21. Qh4 h6 22. Rae1 Rae8 23. R4e2 Qd6 24. h3 Kf8 25. Qh5 Bc8 26. Rxe7 Rxe7 27. Rxe7 Qxe7 28. Qf3 Bb7 29. Qf4 g5 30. Qf5 Qd6 31. h4 Qe6 32. Qxc5+ 1-0

[Event "CP-2015-P-00047"]
[Site "LSS email"]
[Date "2015.09.28"]
[Round "?"]
[White "Pelekis, George"]
[Black "Kuehn, Kolja"]
[Result "0-1"]
[WhiteElo "1951"]
[BlackElo "1912"]
[PlyCount "110"]
[EventDate "2015.10.01"]
[EventType "tourn (corr)"]
[EventRounds "6"]
[EventCountry "GER"]
[SourceTitle "Corr 2022"]
[Source "ChessBase"]
[SourceDate "2021.10.24"]
[SourceVersion "1"]
[SourceVersionDate "2021.10.24"]
[SourceQuality "1"]

1. e4 e5 2. Nf3 Nc6 3. d4 exd4 4. Nxd4 Nf6 5. Nxc6 bxc6 6. e5 Qe7 7. Qe2 Nd5 8. c4 Ba6 9. b3 g6 10. f4 d6 11. Bb2 Bg7 12. Qf2 Nf6 13. Be2 dxe5 14. fxe5 Ne4 15. Qf4 Qb4+ 16. Kf1 Nc5 17. Qe3 Nd7 18. Nd2 Qb6 19. Qf4 0-0-0 20. h4 Rhf8 21. Nf3 Kb8 22. Rd1 Bc8 23. h5 h6 24. Rd3 Rde8 25. Qe3 c5 26. b4 cxb4 27. a3 Qxe3 28. Rxe3 a5 29. axb4 axb4 30. Rb3 c5 31. e6 Nf6 32. exf7 Rxf7 33. hxg6 Rfe7 34. Bd3 Kc7 35. Kf2 Kb6 36. Bxf6 Bxf6 37. Rxh6 Re6 38. Rb1 Ba6 39. Rh7 Rd8 40. Bf5 Red6 41. Re1 Bxc4 42. Ne5 Rd2+ 43. Kg3 Bxe5+ 44. Rxe5 Bd5 45. Kf4 Rxg2 46. g7 Bg8 47. Rh6+ Kb5 48. Re7 Rf2+ 49. Kg5 Rd5 50. Rf6 Bh7 51. Ref7 Rdxf5+ 52. Rxf5 Bxf5 53. Rxf5 Rg2+ 54. Kf6 Rxg7 55. Kxg7 b3 0-1

[Event "CP-2015-P-00047"]
[Site "LSS email"]
[Date "2015.09.28"]
[Round "?"]
[White "Pelekis, George"]
[Black "Reinecke, Juergen"]
[Result "1-0"]
[WhiteElo "1951"]
[BlackElo "1363"]
[PlyCount "43"]
[EventDate "2015.10.01"]
[EventType "tourn (corr)"]
[EventRounds "6"]
[EventCountry "GER"]
[SourceTitle "Corr 2022"]
[Source "ChessBase"]
[SourceDate "2021.10.24"]
[SourceVersion "1"]
[SourceVersionDate "2021.10.24"]
[SourceQuality "1"]

1. e4 c5 2. Nf3 e6 3. d4 cxd4 4. Nxd4 a6 5. Bd3 d6 6. 0-0 Nd7 7. c4 Qc7 8. Nc3 b6 9. f4 Bb7 10. Be3 Be7 11. Rc1 Rc8 12. f5 exf5 13. Nxf5 Bf6 14. Nd5 Qb8 15. Nxf6+ Ngxf6 16. Nxg7+ Ke7 17. Nf5+ Ke6 18. c5 Nxc5 19. Bc4+ Kd7 20. Ng3 Ncxe4 21. Nxe4 Bxe4 22. Rxf6 1-0

[Event "BI-2015-P-0000"]
[Site "LSS email"]
[Date "2015.04.16"]
[Round "?"]
[White "Pelekis, George"]
[Black "Callow, Chris"]
[Result "1-0"]
[WhiteElo "1955"]
[BlackElo "1970"]
[PlyCount "75"]
[EventDate "2015.04.22"]
[EventType "tourn (corr)"]
[EventRounds "10"]
[EventCountry "GER"]
[SourceTitle "Corr 2022"]
[Source "ChessBase"]
[SourceDate "2021.10.24"]
[SourceVersion "1"]
[SourceVersionDate "2021.10.24"]
[SourceQuality "1"]

1. e4 e5 2. Nf3 Nc6 3. d4 exd4 4. Nxd4 Bc5 5. Nxc6 Qf6 6. Qf3 dxc6 7. Bc4 Qxf3 8. gxf3 Nf6 9. Be3 Bxe3 10. fxe3 0-0 11. Nc3 b5 12. Bb3 Nd7 13. Kf2 Re8 14. Ne2 a5 15. a4 Ne5 16. Nf4 Ba6 17. Rhd1 g6 18. Nd3 Nxd3+ 19. cxd3 Reb8 20. Rd2 Rb6 21. axb5 Rxb5 22. Ba4 Rh5 23. Kg3 Bb5 24. d4 Rg5+ 25. Kf4 Rh5 26. Rc2 Kg7 27. e5 Ra7 28. e4 h6 29. Bxb5 cxb5 30. Rac1 c6 31. Rxc6 Rxh2 32. d5 g5+ 33. Kf5 Rh3 34. e6 Rxf3+ 35. Ke5 g4 36. d6 Rf6 37. e7 Re6+ 38. Kf4 1-0

[Event "BI-2015-P-0000"]
[Site "LSS email"]
[Date "2015.04.16"]
[Round "?"]
[White "Pelekis, George"]
[Black "Gazen, Louis"]
[Result "1/2-1/2"]
[WhiteElo "1955"]
[BlackElo "1897"]
[PlyCount "117"]
[EventDate "2015.04.22"]
[EventType "tourn (corr)"]
[EventRounds "10"]
[EventCountry "GER"]
[SourceTitle "Corr 2022"]
[Source "ChessBase"]
[SourceDate "2021.10.24"]
[SourceVersion "1"]
[SourceVersionDate "2021.10.24"]
[SourceQuality "1"]

1. e4 e5 2. Nf3 Nc6 3. d4 Bb4+ 4. c3 Bd6 5. d5 Nce7 6. Nbd2 Nf6 7. Bd3 c6 8. Nc4 Qc7 9. dxc6 Nxc6 10. Bg5 Be7 11. Bc2 b5 12. Ne3 h6 13. Bxf6 Bxf6 14. Nd5 Qd6 15. 0-0 Rb8 16. b4 Ne7 17. Ne3 Qc7 18. Qd3 a6 19. a4 0-0 20. Ng4 Rb6 21. axb5 axb5 22. Bb3 Ng6 23. g3 d5 24. Nxf6+ Rxf6 25. Bxd5 Ne7 26. Rfe1 Rd8 27. Re3 Nxd5 28. exd5 Bb7 29. Qxb5 Rxd5 30. Qe8+ Kh7 31. Qa4 Kg8 32. Rae1 Qc8 33. b5 Rxf3 34. Rxf3 Rd2 35. Ree3 Qd7 36. Qc4 Kh7 37. h4 Bd5 38. Qa4 Qh3 39. b6 f5 40. c4 Bc6 41. Qa1 Rxf2 42. Kxf2 Qh2+ 43. Ke1 Qg1+ 44. Rf1 Qxe3+ 45. Kd1 Qd3+ 46. Ke1 Bg2 47. Kf2 Qf3+ 48. Kg1 Qxg3 49. Qe1 Qh3 50. Qe2 Ba8 51. Qh2 Qg4+ 52. Kf2 Qd4+ 53. Ke1 Qa1+ 54. Kf2 Qa2+ 55. Kg1 Qxc4 56. Qxe5 Be4 57. b7 Bxb7 58. Qxf5+ Kh8 59. Qf8+ 1/2-1/2

[Event "BI-2015-P-0000"]
[Site "LSS email"]
[Date "2015.04.16"]
[Round "?"]
[White "Pelekis, George"]
[Black "Rojas, Fernando"]
[Result "1-0"]
[WhiteElo "1955"]
[BlackElo "1173"]
[PlyCount "53"]
[EventDate "2015.04.22"]
[EventType "tourn (corr)"]
[EventRounds "10"]
[EventCountry "GER"]
[SourceTitle "Corr 2022"]
[Source "ChessBase"]
[SourceDate "2021.10.24"]
[SourceVersion "1"]
[SourceVersionDate "2021.10.24"]
[SourceQuality "1"]

1. e4 c5 2. Nf3 Nc6 3. d4 cxd4 4. Nxd4 Nf6 5. Nc3 e5 6. Ndb5 d6 7. Bg5 a6 8. Na3 b5 9. Nd5 Be7 10. Bxf6 Bxf6 11. c3 0-0 12. Nc2 Rb8 13. h4 Be7 14. Nce3 Be6 15. a4 Bxh4 16. axb5 axb5 17. Qh5 Bxf2+ 18. Kxf2 h6 19. Ng4 Bxg4 20. Qxg4 Ne7 21. Nxe7+ Qxe7 22. Rxh6 g6 23. Be2 Qf6+ 24. Kg3 Qg7 25. Qh4 b4 26. Rh1 f5 27. Bc4+ 1-0

[Event "BI-2015-P-0000"]
[Site "LSS email"]
[Date "2015.04.16"]
[Round "?"]
[White "Zimmermann, Matthias"]
[Black "Pelekis, George"]
[Result "0-1"]
[WhiteElo "1836"]
[BlackElo "1955"]
[PlyCount "66"]
[EventDate "2015.04.22"]
[EventType "tourn (corr)"]
[EventRounds "10"]
[EventCountry "GER"]
[SourceTitle "Corr 2022"]
[Source "ChessBase"]
[SourceDate "2021.10.24"]
[SourceVersion "1"]
[SourceVersionDate "2021.10.24"]
[SourceQuality "1"]

1. Nf3 c5 2. g3 Nc6 3. c4 g6 4. Bg2 Bg7 5. Nc3 e6 6. 0-0 Nge7 7. d3 0-0 8. a3 d5 9. cxd5 exd5 10. Bf4 h6 11. h4 Bg4 12. Rc1 Qd7 13. Re1 Kh7 14. Qa4 a6 15. e4 b5 16. Qc2 Rac8 17. Nxd5 Nxd5 18. exd5 Bxf3 19. Bxf3 Nd4 20. Qd1 Nxf3+ 21. Qxf3 Bxb2 22. Rc2 Bd4 23. d6 Rcd8 24. Re7 Qf5 25. Qe4 Qxe4 26. dxe4 Kg7 27. Ra7 Rfe8 28. Rxa6 Rxe4 29. Kf1 Rd7 30. Rc6 Re8 31. Rc7 Red8 32. Re2 Rxc7 33. g4 Ra7 0-1

[Event "BI-2015-F-0000"]
[Site "LSS email"]
[Date "2015.02.12"]
[Round "?"]
[White "Grammatica, Andrea"]
[Black "Pelekis, George"]
[Result "1-0"]
[WhiteElo "2253"]
[BlackElo "1951"]
[PlyCount "63"]
[EventDate "2015.02.11"]
[EventType "tourn (corr)"]
[EventRounds "10"]
[EventCountry "GER"]
[SourceTitle "Corr 2022"]
[Source "ChessBase"]
[SourceDate "2021.10.24"]
[SourceVersion "1"]
[SourceVersionDate "2021.10.24"]
[SourceQuality "1"]

1. d4 Nf6 2. c4 c5 3. d5 b5 4. cxb5 a6 5. bxa6 g6 6. Nc3 Bxa6 7. g3 d6 8. Bg2 Bg7 9. Nf3 Nbd7 10. Rb1 Nb6 11. b3 Bb7 12. Nh4 0-0 13. 0-0 Ng4 14. Bb2 Bxc3 15. Bxc3 Rxa2 16. b4 c4 17. Ra1 Rxa1 18. Bxa1 Qc7 19. Qd4 Nf6 20. e4 Ra8 21. g4 Ra3 22. Rc1 h6 23. f4 Qd8 24. Bf1 Qa8 25. Bb2 Rb3 26. g5 Rxb2 27. gxf6 Rxb4 28. fxe7 Nd7 29. Qc3 Rb3 30. Qxc4 Nc5 31. e5 Bxd5 32. Ra1 1-0

[Event "BI-2015-F-0000"]
[Site "LSS email"]
[Date "2015.02.12"]
[Round "?"]
[White "Obukhov, Gennady Nikolaevich"]
[Black "Pelekis, George"]
[Result "1/2-1/2"]
[WhiteElo "1945"]
[BlackElo "1951"]
[PlyCount "154"]
[EventDate "2015.02.11"]
[EventType "tourn (corr)"]
[EventRounds "10"]
[EventCountry "GER"]
[SourceTitle "Corr 2022"]
[Source "ChessBase"]
[SourceDate "2021.10.24"]
[SourceVersion "1"]
[SourceVersionDate "2021.10.24"]
[SourceQuality "1"]

1. e4 c5 2. Nf3 Nc6 3. Bb5 e6 4. b4 Nxb4 5. a3 Nc6 6. 0-0 Nge7 7. Re1 Ng6 8. c3 Qa5 9. Bf1 Be7 10. d4 d5 11. exd5 exd5 12. dxc5 Qxc5 13. Be3 Qa5 14. Qb3 0-0 15. Nbd2 Rb8 16. Nd4 Bd7 17. N2f3 Rfe8 18. g3 a6 19. Bg2 Bd6 20. a4 h6 21. Reb1 Nce7 22. Nf5 Bc5 23. Nxe7+ Nxe7 24. Nd4 Bg4 25. Re1 Rbd8 26. h3 Bc8 27. Rad1 Qc7 28. Bf4 Qd7 29. Be3 b6 30. Nc2 Qc7 31. Bf4 Qa7 32. Be3 Be6 33. Nd4 Nf5 34. Nxe6 fxe6 35. Bxc5 bxc5 36. a5 c4 37. Qc2 Qf7 38. Rb1 e5 39. Rb6 d4 40. Rxa6 d3 41. Qd2 Nd6 42. Rb6 e4 43. Rbb1 Qa7 44. Ra1 Qa6 45. Qf4 Nb5 46. Rxe4 Rxe4 47. Qxe4 Nxc3 48. Qe7 Qd6 49. Qxd6 Rxd6 50. a6 Nb5 51. a7 Nxa7 52. Rxa7 c3 53. Rc7 c2 54. Be4 Re6 55. Bxd3 Re1+ 56. Kg2 c1Q 57. Rxc1 Rxc1 58. h4 Kf7 59. Kf3 Ke6 60. Ke4 Ra1 61. Bc4+ Kf6 62. f3 Ra4 63. Kd5 Ra3 64. Ke4 Ke7 65. Bd3 Kd6 66. g4 Ke6 67. h5 Ra4+ 68. Ke3 Ke5 69. Be4 Ra3+ 70. Bd3 Kd5 71. f4 Rc3 72. g5 Ra3 73. gxh6 gxh6 74. Ke2 Kd4 75. Bg6 Ra2+ 76. Kf3 Ra1 77. Bh7 Ra3+ 1/2-1/2

[Event "BI-2015-F-0000"]
[Site "LSS email"]
[Date "2015.02.12"]
[Round "?"]
[White "Pelekis, George"]
[Black "Kele, Karoly"]
[Result "1/2-1/2"]
[WhiteElo "1951"]
[BlackElo "2069"]
[PlyCount "180"]
[EventDate "2015.02.11"]
[EventType "tourn (corr)"]
[EventRounds "10"]
[EventCountry "GER"]
[SourceTitle "Corr 2022"]
[Source "ChessBase"]
[SourceDate "2021.10.24"]
[SourceVersion "1"]
[SourceVersionDate "2021.10.24"]
[SourceQuality "1"]

1. e4 c5 2. Nf3 e6 3. d4 cxd4 4. Nxd4 Nc6 5. Nc3 Nf6 6. Ndb5 d6 7. Bf4 e5 8. Bg5 a6 9. Na3 b5 10. Bxf6 gxf6 11. Nd5 f5 12. Bd3 Be6 13. 0-0 Bxd5 14. exd5 Ne7 15. Nxb5 Bg7 16. Nc3 e4 17. Bc4 Ng6 18. Qh5 Bxc3 19. bxc3 Qf6 20. Qh6 Qxc3 21. Bb3 Ke7 22. Rae1 Rhg8 23. Kh1 a5 24. Ba4 Rab8 25. f3 Rb4 26. Bc6 Qxc2 27. Rg1 Kf6 28. a3 Rc4 29. a4 Rd4 30. g4 fxg4 31. fxg4 Rd2 32. Rc1 Qa2 33. Rgf1+ Rf2 34. Kg1 Rf3 35. Rce1 Qc2 36. g5+ Kf5 37. Bd7+ Kf4 38. Kh1 Qd3 39. Bh3 Rxf1+ 40. Rxf1+ Ke5 41. Qxh7 Rf8 42. Qg7+ Kxd5 43. Rf5+ Kc6 44. Bf1 Qd2 45. Qf6 Qb4 46. h3 Qa3 47. Qd4 Ne5 48. Qxe4+ Kc7 49. g6 Qg3 50. gxf7 Kd7 51. Rf6 Ke7 52. Qf5 Rxf7 53. Qe6+ Kf8 54. Qxd6+ Kg7 55. Rxf7+ Kxf7 56. Qc7+ Kf8 57. Qd8+ Kf7 58. Qd5+ Ke7 59. Qc5+ Kf7 60. Qxa5 Nf3 61. Qf5+ Ke7 62. Qh7+ Kf8 63. Qh6+ Ke7 64. Qe3+ Kf8 65. Qa3+ Ke8 66. Bb5+ Kd8 67. Qd3+ Kc7 68. Qc2+ Kb6 69. Qg2 Qe1+ 70. Bf1 Nd2 71. Qg1+ Ka5 72. Bb5 Qe4+ 73. Qg2 Qe1+ 74. Kh2 Qe3 75. Qe2 Qf4+ 76. Kg2 Qg5+ 77. Kh1 Qd5+ 78. Kg1 Qc5+ 79. Qf2 Nf3+ 80. Kf1 Nd4 81. Qd2+ Kb6 82. Bd3 Qf8+ 83. Qf2 Qc5 84. h4 Ka5 85. Qe3 Kxa4 86. Bg6 Qd5 87. Qe4 Qd6 88. h5 Kb5 89. Qe3 Qf6+ 90. Kg2 Ne6 1/2-1/2

[Event "BI-2015-F-0000"]
[Site "LSS email"]
[Date "2015.02.12"]
[Round "?"]
[White "Pelekis, George"]
[Black "Lubas, Jozef"]
[Result "1-0"]
[WhiteElo "1951"]
[BlackElo "2157"]
[PlyCount "93"]
[EventDate "2015.02.11"]
[EventType "tourn (corr)"]
[EventRounds "10"]
[EventCountry "GER"]
[SourceTitle "Corr 2022"]
[Source "ChessBase"]
[SourceDate "2021.10.24"]
[SourceVersion "1"]
[SourceVersionDate "2021.10.24"]
[SourceQuality "1"]

1. e4 c5 2. Nf3 d6 3. d4 cxd4 4. Nxd4 Nf6 5. Nc3 Nc6 6. Bg5 e6 7. Qd2 Be7 8. 0-0-0 0-0 9. f4 Nxd4 10. Qxd4 Qa5 11. Bc4 Bd7 12. e5 dxe5 13. fxe5 Bc6 14. Bd2 Nd7 15. Nd5 Qd8 16. Nxe7+ Qxe7 17. Rhe1 b5 18. Bf1 a5 19. Qg4 Rfc8 20. Bh6 Qf8 21. Kb1 b4 22. Rd4 Kh8 23. Bc1 Nc5 24. Be3 Bd5 25. Red1 a4 26. Bc4 b3 27. cxb3 axb3 28. Bxd5 exd5 29. a3 Ne6 30. Rb4 Qd8 31. Qf3 Qc7 32. Rxb3 Qc2+ 33. Ka2 Rab8 34. Qxd5 Rxb3 35. Qxb3 Qxg2 36. Rd7 Rf8 37. a4 Qxh2 38. a5 Qe2 39. Qd3 Qf3 40. a6 h5 41. a7 Kg8 42. Bd2 Qc6 43. b4 h4 44. b5 Qb6 45. Qd5 Nc7 46. Rxc7 Qxc7 47. a8Q 1-0

[Event "CP-2014-P-00060"]
[Site "LSS email"]
[Date "2014.09.30"]
[Round "?"]
[White "Pelekis, George"]
[Black "Abbey, William"]
[Result "1/2-1/2"]
[WhiteElo "800"]
[BlackElo "2141"]
[PlyCount "67"]
[EventDate "2014.10.01"]
[EventType "tourn (corr)"]
[EventRounds "6"]
[EventCountry "GER"]
[SourceTitle "Corr 2022"]
[Source "ChessBase"]
[SourceDate "2021.10.24"]
[SourceVersion "1"]
[SourceVersionDate "2021.10.24"]
[SourceQuality "1"]

1. e4 c5 2. c3 d5 3. exd5 Qxd5 4. d4 Nf6 5. Nf3 Nc6 6. Be2 Bf5 7. 0-0 e6 8. Na3 Be7 9. Nb5 Qd8 10. dxc5 Bxc5 11. Bf4 0-0 12. Nbd4 Nxd4 13. Nxd4 Be4 14. Nb3 Be7 15. Be5 Rc8 16. Re1 Qd5 17. Qxd5 Bxd5 18. Bd4 a6 19. Rad1 b5 20. f4 Rfd8 21. f5 exf5 22. Bxb5 Ne4 23. Bxa6 Ra8 24. Bd3 Rxa2 25. Nd2 Rxb2 26. Nxe4 fxe4 27. Bxe4 Bxe4 28. Rxe4 Bc5 29. Ree1 Bxd4+ 30. Rxd4 Ra8 31. Ra4 Rf8 32. Re7 Rc2 33. Rc7 Rd8 34. Rd4 1/2-1/2

[Event "CP-2014-P-00060"]
[Site "LSS email"]
[Date "2014.09.30"]
[Round "?"]
[White "Schubert, Volker"]
[Black "Pelekis, George"]
[Result "1-0"]
[WhiteElo "1997"]
[BlackElo "800"]
[PlyCount "83"]
[EventDate "2014.10.01"]
[EventType "tourn (corr)"]
[EventRounds "6"]
[EventCountry "GER"]
[SourceTitle "Corr 2022"]
[Source "ChessBase"]
[SourceDate "2021.10.24"]
[SourceVersion "1"]
[SourceVersionDate "2021.10.24"]
[SourceQuality "1"]

1. d4 Nf6 2. c4 c5 3. d5 b5 4. cxb5 a6 5. bxa6 g6 6. Nc3 Bxa6 7. g3 d6 8. Bg2 Nbd7 9. Nf3 Bg7 10. Rb1 Nb6 11. b3 Bc8 12. Nh4 h6 13. Qc2 Qd7 14. Bb2 g5 15. Nf3 Bb7 16. e4 Ba6 17. a4 0-0 18. h4 g4 19. Nd2 Rfb8 20. a5 Nc8 21. Nd1 Qb5 22. Bf1 Qxa5 23. Ne3 Bxf1 24. Kxf1 h5 25. Nf5 Qd8 26. Nc4 Qf8 27. Kg2 Nb6 28. Rhe1 Nxc4 29. bxc4 e5 30. dxe6 fxe6 31. Nxg7 Qxg7 32. e5 Qh7 33. Qxh7+ Nxh7 34. exd6 Kf7 35. Bc3 Nf6 36. Rxb8 Rxb8 37. Bxf6 Kxf6 38. Rd1 Rd8 39. f3 gxf3+ 40. Kxf3 e5 41. d7 Kf5 42. Rd5 1-0

[Event "BI-2014-P-0000"]
[Site "LSS email"]
[Date "2014.04.19"]
[Round "?"]
[White "Bujdak, Pavel"]
[Black "Pelekis, George"]
[Result "1/2-1/2"]
[WhiteElo "1676"]
[BlackElo "800"]
[PlyCount "111"]
[EventDate "2014.04.25"]
[EventType "tourn (corr)"]
[EventRounds "10"]
[EventCountry "GER"]
[SourceTitle "Corr 2022"]
[Source "ChessBase"]
[SourceDate "2021.10.24"]
[SourceVersion "1"]
[SourceVersionDate "2021.10.24"]
[SourceQuality "1"]

1. e4 d5 2. exd5 Qxd5 3. Nc3 Qa5 4. d4 Nf6 5. Bc4 Bf5 6. Qe2 e6 7. Bd2 Nc6 8. Nf3 0-0-0 9. Nb5 Qb6 10. a4 Na5 11. Ne5 c6 12. Nxf7 cxb5 13. axb5 Nxc4 14. Qxc4+ Kb8 15. Nxd8 Qxd8 16. 0-0 Bd6 17. Qa4 Kc8 18. Qxa7 Bb8 19. Qa8 Qc7 20. g3 Nd5 21. c4 Nb6 22. Qa2 Bh3 23. Rfc1 Qf7 24. Qa3 Rf8 25. Qc5+ Kd7 26. f4 Nc8 27. Qa3 Qh5 28. Qd3 Nd6 29. Bb4 Rc8 30. Bxd6 Bxd6 31. Qe4 Kd8 32. c5 Be7 33. Qxb7 Qe2 34. b6 Qxb2 35. Kh1 Bf6 36. Qf3 h5 37. Rcb1 Bg4 38. Qg2 Qc3 39. Rf1 Bxd4 40. Rac1 Qd3 41. b7 Rb8 42. Qc6 Be3 43. Rce1 Bd2 44. Rd1 Bxd1 45. Rxd1 Ke7 46. Qd6+ Qxd6 47. cxd6+ Kd7 48. Rxd2 Rxb7 49. Kg2 Rb5 50. g4 hxg4 51. Kg3 Rd5 52. Rf2 Kxd6 53. Kxg4 e5 54. fxe5+ Rxe5 55. h4 Ke6 56. Rf8 1/2-1/2

[Event "BI-2014-P-0000"]
[Site "LSS email"]
[Date "2014.04.19"]
[Round "?"]
[White "Pelekis, George"]
[Black "Wosch, Arkadiusz Janusz"]
[Result "1/2-1/2"]
[WhiteElo "800"]
[BlackElo "2308"]
[PlyCount "82"]
[EventDate "2014.04.25"]
[EventType "tourn (corr)"]
[EventRounds "10"]
[EventCountry "GER"]
[SourceTitle "Corr 2022"]
[Source "ChessBase"]
[SourceDate "2021.10.24"]
[SourceVersion "1"]
[SourceVersionDate "2021.10.24"]
[SourceQuality "1"]

1. e4 c5 2. Nf3 Nc6 3. d4 cxd4 4. Nxd4 Nf6 5. Nc3 d6 6. Bg5 e6 7. Qd2 a6 8. 0-0-0 Bd7 9. f3 Be7 10. Be3 0-0 11. g4 Nxd4 12. Bxd4 Bc6 13. g5 Nd7 14. h4 b5 15. Kb1 Qc7 16. a3 Rab8 17. h5 a5 18. g6 h6 19. Bh3 b4 20. gxf7+ Kxf7 21. Qg2 Bg5 22. f4 Bf6 23. Qg6+ Ke7 24. Bxf6+ gxf6 25. axb4 axb4 26. Nd5+ exd5 27. exd5 Ba4 28. Bxd7 Kxd7 29. b3 Kd8 30. bxa4 b3 31. c3 Qc4 32. Rh2 Qxa4 33. Qg7 Re8 34. Qxf6+ Kc7 35. Qg7+ Kb6 36. Qd4+ Qxd4 37. Rxd4 Ra8 38. Rb4+ Kc5 39. Rh1 Ra3 40. f5 Rea8 41. Rhh4 Ra1+ 1/2-1/2

[Event "OP-2014-0-03344"]
[Site "LSS email"]
[Date "2014.03.26"]
[Round "?"]
[White "Pelekis, George"]
[Black "Salinas, Evin"]
[Result "1-0"]
[WhiteElo "800"]
[BlackElo "740"]
[PlyCount "39"]
[EventDate "2014.03.16"]
[EventType "tourn (corr)"]
[EventRounds "4"]
[EventCountry "GER"]
[SourceTitle "Telechess CBM 167"]
[Source "ChessBase"]
[SourceDate "2015.07.13"]
[SourceVersion "1"]
[SourceVersionDate "2015.07.13"]
[SourceQuality "1"]

1. e4 d5 2. exd5 Qxd5 3. Nc3 Qd8 4. d4 g6 5. Bc4 Bg7 6. Nf3 e6 7. 0-0 Ne7 8. Bg5 0-0 9. Re1 Nd7 10. Nd5 exd5 11. Bxe7 Qe8 12. Bxd5 c6 13. Bb3 Nb6 14. Bxf8 Kxf8 15. Rxe8+ Kxe8 16. Ng5 h6 17. Qe2+ Kf8 18. Nh7+ Kg8 19. Nf6+ Bxf6 20. Qe8+ 1-0

[Event "OP-2014-0-03344"]
[Site "LSS email"]
[Date "2014.03.19"]
[Round "?"]
[White "Pelekis, George"]
[Black "Guaimare Rodriguez, Carlos Luis"]
[Result "1-0"]
[WhiteElo "800"]
[BlackElo "919"]
[PlyCount "46"]
[EventDate "2014.03.16"]
[EventType "tourn (corr)"]
[EventRounds "4"]
[EventCountry "GER"]
[SourceTitle "Telechess CBM 167"]
[Source "ChessBase"]
[SourceDate "2015.07.13"]
[SourceVersion "1"]
[SourceVersionDate "2015.07.13"]
[SourceQuality "1"]

1. e4 e6 2. d4 d5 3. Nd2 c5 4. Ngf3 cxd4 5. Nxd4 Nf6 6. e5 Nfd7 7. N2f3 Nc6 8. Nxc6 bxc6 9. Bd3 Qc7 10. Qe2 c5 11. c4 d4 12. 0-0 Bb7 13. Bf4 h6 14. Nd2 g5 15. Bg3 h5 16. h3 0-0-0 17. Ne4 Be7 18. a3 h4 19. Bh2 Nf8 20. Qf3 Ng6 21. Qxf7 Rhg8 22. Nf6 Rdf8 23. Qxe6+ Kb8 1-0